|
|
|
|
| LEADER |
01018nam a2200229 a 4500 |
| 001 |
6501734 |
| 008 |
090528r20011952nyua 000 0 eng d |
| 010 |
|
|
|a 52014945
|
| 040 |
|
|
|a DLC
|c OYesA
|d OCoLC
|d DLC
|
| 082 |
|
|
|a 620.1
|2 22
|
| 100 |
1 |
|
|a Chambers, Sherman Daniel,
|d 1881-
|
| 245 |
1 |
0 |
|a Analytic mechanics
|c [by] Virgil Moring Faires [and] Sherman Daniel Chambers. Problems ... rev. by James Harvey Caddess.
|
| 250 |
|
|
|a 3d ed.
|
| 260 |
|
|
|a New York,
|b Macmillan
|c c1952[reprinted 2001]
|
| 300 |
|
|
|a 540 p.
|b illus.
|c 24 cm.
|
| 500 |
|
|
|a First ed. by S.D. Chambers published in 1934 under title: Mechanics of engineering.
|
| 541 |
1 |
|
|e 00012907
|
| 650 |
|
0 |
|a Mechanics, Applied.
|
| 700 |
1 |
|
|a Faires, Virgil Moring,
|d 1897-
|e joint author.
|
| 852 |
4 |
|
|a Ayesha Abed Library
|j General Shelf.
|
| 999 |
|
|
|c 1014
|d 1014
|
| 952 |
|
|
|0 0
|1 0
|2 ddc
|4 0
|6 620_100000000000000_CHA
|7 0
|9 921
|a BRACUL
|b BRACUL
|c GEN
|d 2009-06-23
|g 0.00
|l 5
|m 26
|o 620.1 CHA
|p 3010012907
|r 2026-05-19
|s 2026-02-01
|t 1
|w 2009-06-23
|y BK
|x No price found in the accession register.
|